| 000 | 00787cam a2200217 4500 | ||
|---|---|---|---|
| 001 | 2513 | ||
| 005 | 20181127165230.0 | ||
| 008 | 980415s1999 nyu b 001 0 eng | ||
| 010 | _a 98021561 | ||
| 020 | _a0393972798 (pbk.) | ||
| 100 | 1 |
_aTennyson, Alfred Tennyson, _cBaron, _d1809-1892. |
|
| 240 | 1 | 0 |
_aPoems. _kSelections |
| 245 | 0 | 0 |
_aTennyson's poetry : _bauthoritative texts, contexts, criticism / _cselected and edited by Robert W. Hill, Jr. |
| 250 | _a2nd ed. | ||
| 260 |
_aNew York : _bW.W. Norton, _cc1999. |
||
| 300 |
_axi, 703 p. ; _c24 cm. |
||
| 490 | 0 | _aA Norton critical edition | |
| 504 | _aIncludes bibliographical references (p. 699-700) and index. | ||
| 600 | 1 | 0 |
_aTennyson, Alfred Tennyson, _cBaron, _d1809-1892 _xCriticism and interpretation. |
| 700 | 1 | _aHill, Robert W. | |
| 999 |
_c2005 _d2005 |
||